000 00406nam a2200169Ia 4500
005 20250603145350.0
008 250603s9999 xx 000 0 und d
020 _a0- 8053- 7613- 5
050 _aQR 41.2 .T67/
100 _aGerard J. Tortora
245 0 _aMicrobiology: an introduction
250 _a8th ed.
260 _bPearson Education, Inc.
260 _c2003
300 _a924 p
942 _cBK
999 _c41651
_d41651